|
|
|
|
| LEADER |
00000nam a22000007a 4500 |
| 005 |
20110923113510.0 |
| 008 |
110923s2011 mx |||||s|||| 00||0 spa d |
| 020 |
|
|
|a 978-607-440-258-2
|
| 035 |
|
|
|a 5657
|
| 040 |
|
|
|a vLex
|
| 090 |
|
|
|c 2548
|d 2548
|
| 100 |
1 |
|
|a Přez Chv̀ez, Još
|
| 245 |
1 |
0 |
|a Arrendamiento de inmuebles
|h [Recurso electrn̤ico] :
|b Personas fs̕icas. Gua̕ prc̀tica /
|c Jos ̌Přez Chavez, Eladio Campero Guerrero
|
| 256 |
|
|
|a Servicio en ln̕ea.
|
| 260 |
|
|
|a [Mx̌ico] :
|b Tax Editores,
|c 2011
|
| 300 |
|
|
|a 1 recurso electrn̤ico
|
| 506 |
1 |
|
|a Contenido solo disponible en los productos indicados
|d vLex Global
|d vLex Global (Academic Edition, excluding Law Schools)
|d vLex Global (U.S. Academic Edition, Law Schools)
|d vLex Global (U.S. Academic Edition, excluding Law Schools)
|d vLex Global (Academic Edition, Law Schools)
|
| 650 |
0 |
4 |
|a Bienes inmuebles
|z Mx̌ico
|
| 700 |
1 |
|
|a Campero Guerrero, Eladio
|
| 740 |
0 |
|
|a vLex Libros (Servicio en ln̕ea)
|
| 856 |
4 |
0 |
|u http://vlex.com/source/arrendamiento-inmuebles-personas-fisicas-5657
|z Acceso restringido
|
| 942 |
|
|
|c BOOK
|